Name a Valid Movie by Actor #1 - Statistics

General Stats
  • This quiz has been taken 20,882 times
  • The average score is 13 of 20
Answer Stats
Actor/Actress # Movies % Correct
Leonardo DiCaprio 38 Titanic | Inception | The Wolf of Wall Street | The Revenant | +34 others
98%
Brad Pitt 68 Fight Club | Se7en | Inglourious Basterds | Ocean's Eleven | +64 others
95%
Tom Cruise 50 Top Gun | Mission: Impossible | Jerry Maguire | +47 others
94%
Margot Robbie 32 Barbie | The Wolf of Wall Street | I, Tonya | Suicide Squad | +28 others
92%
Joaquin Phoenix 41 Joker | Gladiator | Walk the Line | Her | +37 others
82%
Meryl Streep 66 The Devil Wears Prada | Sophie's Choice | The Iron Lady | +63 others
80%
Samuel L. Jackson 142 Pulp Fiction | The Avengers | Snakes on a Plane | Star Wars: Episode III – Revenge of the Sith | +138 others
79%
Al Pacino 62 The Godfather Part II | Scarface | Dog Day Afternoon | Heat | +58 others
77%
Angelina Jolie 49 Mr. & Mrs. Smith | Lara Croft: Tomb Raider | Maleficent | +46 others
75%
Denzel Washington 53 Training Day | Malcolm X | Glory | Fences | Remember the Titans | +48 others
66%
Cate Blanchett 74 Elizabeth | Lord of the Rings: The Fellowship of the Rings | Blue Jasmine | +71 others
58%
Reese Witherspoon 44 Legally Blonde | Walk the Line | Election | American Psycho | +40 others
58%
Daniel Day-Lewis 22 There Will Be Blood | Lincoln | My Left Foot | Gangs of New York | +18 others
58%
Michelle Yeoh 58 Everything Everywhere All at Once | Crouching Tiger, Hidden Dragon | Crazy Rich Asians | +55 others
54%
Robert Redford 53 Butch Cassidy and the Sundance Kid | The Sting | All the President's Men | Captain America: The Winter Soldier | +49 others
38%
Mads Mikkelson 56 Another Round | The Hunt | Casino Royale | Rogue One | +52 others
37%
Bill Nighy 85 Love Actually | Pirates of the Caribbean: Dead Man's Chest | Living | Hot Fuzz | +81 others
35%
Song Kang-Ho 39 Parasite | Memories of Murder | The Host | Snowpiercer | +35 others
32%
Henry Fonda 84 12 Angry Men | The Grapes of Wrath | Once Upon a Time in the West | My Darling Clementine | +81 others
31%
Olivia Colman 42 The Favourite | The Father | Tyrannosaur | The Lobster | Hot Fuzz | +37 others
31%
No matching quizzes found
Score Distribution
Percent of People with Each Score
Percentile by Number Answered
Your Score History
You have not taken this quiz